[Event "Olomouc Chess Summer 2011 - Valoz Cup"]
[Site "Olomouc (CZE), Hotel Sigma"]
[Date "2011.08.10"]
[Round "8"]
[White "Bures, Jaroslav"]
[Black "Krivoborodov, Egor"]
[Result "1/2-1/2"]
[WhiteElo "2380"]
[BlackElo "2507"]
[PlyCount "0"]
[EventDate "2011.08.03"]

1. d4 Nf6 2. c4 e6 3. Nf3 b6 4. Nc3 Bb7 5. Bg5 Bb4 6. Qc2 h6 7. Bh4 O-O 8. e3
c5 9. dxc5 bxc5 10. a3 Ba5 11. Bd3 d6 12. O-O Bxc3 13. Qxc3 e5 14. Bxf6 Qxf6
15. Nd2 Qh4 16. Qc2 Nd7 17. Bh7+ Kh8 18. Be4 Rab8 19. Bxb7 Rxb7 20. Ne4 Nb6 21.
Rad1 Rd8 22. Rxd6 Rxd6 23. Nxd6 Rd7 24. Ne4 Qe7 25. b3 f5 26. Nc3 e4 27. Rd1
Qe5 28. Rxd7 Nxd7 29. Qd2 Nf6 30. h3 Kh7 31. b4 Kg6 32. Ne2 Qa1+ 33. Qc1 Qxc1+
34. Nxc1 Nd7 35. Nb3 Ne5 36. Na5 cxb4 37. axb4 Kf6 38. b5 Ke6 39. c5 Kd5 40. c6
Kd6 41. Nb3 g6 42. Nd4 Nd3 43. g3 Nb4 44. h4 h5 45. Kf1 Nd5 46. Ke1 Nc3 47. Kd2
Nd5 48. Ke1 Nb4 49. Kf1 Nd5 50. Kg2 Nc3 51. Kf1 Nd5 1/2-1/2

[Event "Olomouc Chess Summer 2011 - Valoz Cup"]
[Site "Olomouc (CZE), Hotel Sigma"]
[Date "2011.08.10"]
[Round "8"]
[White "Antipov, Mikhail Al"]
[Black "Zilka, Stepan"]
[Result "1/2-1/2"]
[WhiteElo "2407"]
[BlackElo "2506"]
[PlyCount "0"]
[EventDate "2011.08.03"]

1. e4 e5 2. Nf3 Nc6 3. Bb5 a6 4. Ba4 Nf6 5. O-O Be7 6. Re1 b5 7. Bb3 O-O 8. a4
Bb7 9. d3 d6 10. Nc3 Na5 11. Ba2 b4 12. Ne2 c5 13. Ng3 Bc8 14. h3 Rb8 15. c3
bxc3 16. bxc3 Be6 17. Be3 Qc7 18. Qc2 Bxa2 19. Rxa2 Rfc8 20. Nf5 Bf8 21. Nh2 h6
22. Ng4 Nxg4 23. hxg4 Rb3 24. g3 Qb7 25. c4 Nc6 26. Kg2 Rb8 27. Rh1 Rb1 28. Ra1
Rxa1 29. Rxa1 Qb2 30. Qd1 Nd4 31. Bxd4 cxd4 32. Nh4 Rb3 33. Nf3 Be7 34. c5 Kh7
35. c6 Rc3 36. Rb1 Qa2 37. Rb7 Qe6 38. Rc7 Bd8 39. Rd7 Bf6 40. Qb1 Rxc6 41. Qb7
Rc2 42. Rxf7 Qa2 43. Ng5+ Kg6 44. Rxf6+ Kxf6 45. Nh7+ 1/2-1/2

[Event "Olomouc Chess Summer 2011 - Valoz Cup"]
[Site "Olomouc (CZE), Hotel Sigma"]
[Date "2011.08.10"]
[Round "8"]
[White "Kalinitschew, Sergey"]
[Black "Drozdowski, Kacper"]
[Result "0-1"]
[WhiteElo "2431"]
[BlackElo "2311"]
[PlyCount "122"]
[EventDate "2011.08.03"]

1. Nf3 Nf6 2. c4 g6 3. Nc3 d5 4. e3 Bg7 5. cxd5 Nxd5 6. d4 O-O 7. Bc4 Nb6 8.
Bb3 Na6 9. a4 Bf5 10. a5 Nc8 11. e4 Bg4 12. Be3 Nd6 13. h3 Bxf3 14. Qxf3 Nb4
15. O-O Nc6 16. Rfd1 a6 17. d5 Na7 18. Bf4 f6 19. Na4 b6 20. Qe3 Nac8 21. Rdc1
Kh8 22. Rc6 g5 23. Bh2 f5 24. exf5 Nxf5 25. Qd3 Nd4 26. Rxc7 bxa5 27. Nc5 Nd6
28. Ne6 Nxe6 29. dxe6 Nf5 30. Rd7 Qb6 31. Rf1 Qb5 32. Bc4 Qxb2 33. Bd5 Rac8 34.
Be4 Nd4 35. Rxe7 Ne2+ 36. Kh1 Rc1 37. Rd1 Qb1 38. Rd7 Rxd1+ 39. Qxd1 Qxd1+ 40.
Rxd1 Nc3 41. Re1 Nxe4 42. Rxe4 Re8 43. Bd6 Bf6 44. h4 h6 45. hxg5 hxg5 46. Kh2
Kg7 47. Kg3 Bc3 48. Kg4 Kf6 49. e7 Bb4 50. Bxb4 axb4 51. Rxb4 Rxe7 52. Rb6+ Re6
53. Rxe6+ Kxe6 54. Kxg5 a5 55. Kg6 a4 56. f4 Ke7 57. Kg7 a3 58. f5 a2 59. f6+
Kd7 60. g4 a1=Q 61. g5 Ke6 0-1

[Event "Olomouc Chess Summer 2011 - Prima pack cup"]
[Site "Olomouc (CZE), Hotel Sigma"]
[Date "2011.08.10"]
[Round "8"]
[White "Simantsev, Mikhail"]
[Black "Kanovsky, David"]
[Result "1-0"]
[WhiteElo "2558"]
[BlackElo "2478"]
[PlyCount "0"]
[EventDate "2011.08.03"]

1. d4 Nf6 2. c4 c5 3. d5 e6 4. Nc3 exd5 5. cxd5 d6 6. Nf3 g6 7. h3 Bg7 8. Bf4
O-O 9. e3 a6 10. a4 Re8 11. Nd2 Nbd7 12. Be2 Ne5 13. O-O Nfd7 14. Bh2 f5 15.
Re1 b6 16. Qc2 Nf6 17. f4 Nf7 18. Bc4 Ra7 19. Qd3 Nh5 20. Re2 Qh4 21. Nf3 Qe7
22. Rae1 Bxc3 23. bxc3 Nf6 24. Rb2 Bd7 25. Rxb6 Bxa4 26. Rxa6 Rxa6 27. Bxa6 Qe4
28. Ng5 Qxd3 29. Bxd3 h6 30. Nxf7 Kxf7 31. g4 Ne4 32. c4 Bb3 33. Rb1 Rb8 34.
Bxe4 fxe4 35. f5 Rb4 36. Bxd6 Bxc4 37. Rc1 Ra4 38. Bxc5 Bxd5 39. Rd1 Bc4 40.
Rd7+ Kf6 41. Bd4+ Kg5 42. f6 Ra8 43. Rc7 Bb3 44. f7 Rf8 45. Bc5 Rxf7 46. Rxf7
Bxf7 47. Be7+ 1-0

[Event "Olomouc Chess Summer 2011 - Prima pack c"]
[Site "Olomouc (CZE), Hotel Sigma"]
[Date "2011.08.10"]
[Round "8"]
[White "Chernyshov, Konstantin"]
[Black "Gavrilov, Alexei"]
[Result "1-0"]
[WhiteElo "2552"]
[BlackElo "2481"]
[PlyCount "99"]
[EventDate "2011.08.03"]

1. d4 d5 2. Nf3 Nf6 3. Bf4 c5 4. c3 e6 5. Nbd2 Nc6 6. e3 Bd6 7. Bxd6 Qxd6 8.
Bb5 Bd7 9. O-O O-O 10. Qe2 Rfe8 11. Rad1 a6 12. Bd3 cxd4 13. cxd4 Nb4 14. Ne5
Nxd3 15. Nxd7 Qxd7 16. Qxd3 Rec8 17. Rc1 Rc6 18. Rxc6 Qxc6 19. f3 Rc8 20. Nb3
Qb6 21. Qd2 Ne8 22. Rc1 Rxc1+ 23. Nxc1 Nd6 24. b3 h5 25. Kf2 Qc7 26. Ne2 g6 27.
g3 Kg7 28. Qc3 Qd8 29. Qc5 g5 30. e4 dxe4 31. Qe5+ Qf6 32. f4 gxf4 33. Nxf4
Qxe5 34. dxe5 Nb5 35. Nxh5+ Kg6 36. g4 Nc3 37. a4 Kg5 38. h3 Kh4 39. Nf4 Nd5
40. Nxd5 exd5 41. Ke3 a5 42. Kf4 b6 43. g5 Kh5 44. h4 Kg6 45. Kg4 d4 46. h5+
Kg7 47. Kf4 d3 48. Ke3 Kg8 49. g6 fxg6 50. h6 1-0

[Event "Olomouc Chess Summer 2011 - Prima pack c"]
[Site "Olomouc (CZE), Hotel Sigma"]
[Date "2011.08.10"]
[Round "8"]
[White "Wieczorek, Oskar"]
[Black "Figura, Atila Gajo"]
[Result "1/2-1/2"]
[WhiteElo "2374"]
[BlackElo "2358"]
[PlyCount "47"]
[EventDate "2011.08.03"]

1. e4 c6 2. d4 d5 3. Nd2 dxe4 4. Nxe4 Nd7 5. Ng5 Ngf6 6. Bd3 e6 7. N1f3 Bd6 8.
Qe2 h6 9. Ne4 Nxe4 10. Qxe4 Qc7 11. O-O b6 12. Qg4 Kf8 13. b3 Bb7 14. Bb2 h5
15. Qh4 Nf6 16. Ne5 Kg8 17. Rfe1 c5 18. dxc5 Bxc5 19. h3 Nd5 20. c4 Be7 21. Qg3
h4 22. Qf3 Nf6 23. Qe2 Bc5 24. Rad1 1/2-1/2

[Event "Olomouc Chess Summer 2011 - Prima pack c"]
[Site "Olomouc (CZE), Hotel Sigma"]
[Date "2011.08.10"]
[Round "8"]
[White "Plat, Vojtech"]
[Black "Stachowiak, Kamil"]
[Result "1/2-1/2"]
[WhiteElo "2410"]
[BlackElo "2436"]
[PlyCount "21"]
[EventDate "2011.08.03"]

1. e4 c5 2. Nf3 e6 3. d4 cxd4 4. Nxd4 Nc6 5. Be3 Qc7 6. Bd3 a6 7. O-O Nf6 8.
Kh1 h5 9. Nxc6 Qxc6 10. Nd2 Ng4 11. Qe2 1/2-1/2

[Event "Olomouc Chess Summer 2011 - Prima pack cup"]
[Site "Olomouc (CZE), Hotel Sigma"]
[Date "2011.08.10"]
[Round "8"]
[White "Oparin, Grigoriy"]
[Black "Biolek, Richard Jr"]
[Result "0-1"]
[WhiteElo "2356"]
[BlackElo "2409"]
[PlyCount "0"]
[EventDate "2011.08.03"]

1. e4 Nc6 2. d4 e5 3. d5 Nce7 4. Nf3 Ng6 5. h4 h5 6. Bg5 Nf6 7. Be2 Be7 8. Nc3
d6 9. Qd2 Ng4 10. O-O-O O-O 11. Rdf1 f6 12. Be3 f5 13. exf5 Bxf5 14. g3 c6 15.
Ng5 Qa5 16. Bd3 cxd5 17. Bxf5 Rxf5 18. Nxd5 Qxd2+ 19. Kxd2 Bxg5 20. hxg5 Nxe3
21. Nxe3 Rxg5 22. Rh3 Rf8 23. Ke1 Ne7 24. Rfh1 Nf5 25. Nxf5 Rfxf5 26. Rh4 g6
27. Ra4 a6 28. Rb4 Rf7 29. Rb6 d5 30. Rh4 Kg7 31. Rhb4 Rgf5 32. Rxb7 Rxf2 33.
a4 Rxc2 34. Rxf7+ Kxf7 35. Rb6 d4 36. b4 Rb2 37. a5 e4 38. Rxa6 Rxb4 39. Rd6
Ra4 40. a6 Ke7 41. Rxg6 e3 42. Rg7+ Ke6 43. Rg8 Kd5 0-1

[Event "Olomouc Chess Summer 2011 - Winsoft company cup"]
[Site "Olomouc (CZE), Hotel Sigma"]
[Date "2011.08.10"]
[Round "8"]
[White "Stachanczyk, Jacek"]
[Black "Yuffa, Daniil"]
[Result "0-1"]
[WhiteElo "2328"]
[BlackElo "2302"]
[PlyCount "0"]
[EventDate "2011.08.03"]

1. e4 c5 2. Nf3 d6 3. d4 cxd4 4. Nxd4 Nf6 5. Nc3 Nc6 6. Bg5 a6 7. Qd2 Nxd4 8.
Qxd4 Qa5 9. f4 e5 10. Qd2 Be7 11. O-O-O Be6 12. a3 exf4 13. Bxf4 O-O 14. Nd5
Qxd2+ 15. Rxd2 Bxd5 16. exd5 Rfe8 17. Rd4 Ng4 18. Be2 Bf6 19. Rd2 Be5 20. Bg5
Nf2 21. Re1 Ne4 0-1

[Event "Olomouc Chess Summer 2011 - Winsoft comp"]
[Site "Olomouc (CZE), Hotel Sigma"]
[Date "2011.08.10"]
[Round "8"]
[White "Biolek, Richard"]
[Black "Furman, Boris"]
[Result "0-1"]
[WhiteElo "2478"]
[BlackElo "2262"]
[PlyCount "90"]
[EventDate "2011.08.03"]

1. d4 Nf6 2. Nc3 d5 3. Bg5 Nbd7 4. Nf3 h6 5. Bh4 e6 6. e3 Be7 7. Bd3 O-O 8.
Bxf6 Bxf6 9. e4 dxe4 10. Nxe4 c5 11. Nxf6+ Qxf6 12. g4 cxd4 13. g5 hxg5 14. Rg1
g4 15. Rxg4 Ne5 16. Nxe5 Qxe5+ 17. Kf1 Qxh2 18. Qf3 e5 19. Rg5 Qh3+ 20. Ke2
Qxf3+ 21. Kxf3 Re8 22. Rag1 g6 23. Re1 Bd7 24. Rgxe5 Bc6+ 25. Kf4 Rxe5 26. Rxe5
Kg7 27. Be4 Rc8 28. Rc5 f5 29. Bxc6 Kf6 30. Rd5 Rxc6 31. Rxd4 Rxc2 32. Rd6+ Ke7
33. Rxg6 Rxf2+ 34. Ke5 Rxb2 35. Rg7+ Kd8 36. a4 Kc8 37. Kd6 Rd2+ 38. Kc5 Rd7
39. Rg5 Rf7 40. Kd6 Rf6+ 41. Kc5 a6 42. Kd5 f4 43. Ke5 Rf8 44. Rg2 f3 45. Rf2
Kc7 0-1

[Event "Olomouc Chess Summer 2011 - Winsoft comp"]
[Site "Olomouc (CZE), Hotel Sigma"]
[Date "2011.08.10"]
[Round "8"]
[White "Wiley, Tom E"]
[Black "Moritz, Aron"]
[Result "1-0"]
[WhiteElo "2306"]
[BlackElo "2091"]
[PlyCount "93"]
[EventDate "2011.08.03"]

1. d4 g6 2. c4 Bg7 3. e4 d6 4. Nc3 Nf6 5. Nf3 O-O 6. Be2 Na6 7. h3 e5 8. d5 Nc5
9. Qc2 a5 10. Bg5 h6 11. Be3 Nh5 12. O-O-O b6 13. Ng1 Nf6 14. g4 Nh7 15. h4 f5
16. f3 f4 17. Bf2 Bd7 18. Kd2 Qe7 19. Rb1 Rfb8 20. Bf1 Nf8 21. Nge2 Be8 22. Nc1
Nfd7 23. b3 Nb7 24. a3 Bf8 25. Be2 Qd8 26. Ke1 Be7 27. Kf1 Bf7 28. Kg2 Qf8 29.
Qd2 Rc8 30. Bd1 Qd8 31. b4 Be8 32. Ba4 Nb8 33. Bxe8 Qxe8 34. Nd3 Qd8 35. h5
axb4 36. axb4 Nd7 37. hxg6 Bg5 38. Qc2 Nf8 39. c5 bxc5 40. bxc5 Na5 41. Nb5 c6
42. Nxd6 cxd5 43. Nxc8 dxe4 44. Qa2+ Kh8 45. Nxe5 exf3+ 46. Kxf3 Qxc8 47. Qf7
1-0

[Event "Olomouc Chess Summer 2011 - Winsoft comp"]
[Site "Olomouc (CZE), Hotel Sigma"]
[Date "2011.08.10"]
[Round "8"]
[White "Obsivac, Josef"]
[Black "Dmitrenko, Viktor"]
[Result "1/2-1/2"]
[WhiteElo "2273"]
[BlackElo "2353"]
[PlyCount "25"]
[EventDate "2011.08.03"]

1. d4 e6 2. c4 Nf6 3. Nf3 Bb4+ 4. Nbd2 d5 5. a3 Bxd2+ 6. Bxd2 dxc4 7. e3 Ne4 8.
Bxc4 Nxd2 9. Qxd2 O-O 10. O-O Nd7 11. Rac1 c6 12. Ba2 e5 13. Qc2 1/2-1/2

[Event "Olomouc Chess Summer 2011 - Winsoft comp"]
[Site "Olomouc (CZE), Hotel Sigma"]
[Date "2011.08.10"]
[Round "8"]
[White "Poznanska, Katarzyna"]
[Black "Jurek, Josef"]
[Result "1/2-1/2"]
[WhiteElo "2068"]
[BlackElo "2324"]
[PlyCount "39"]
[EventDate "2011.08.03"]

1. e4 e6 2. d4 d5 3. Nd2 Nf6 4. e5 Nfd7 5. Bd3 c5 6. c3 Nc6 7. Ne2 cxd4 8. cxd4
f6 9. exf6 Qxf6 10. O-O Bd6 11. Nf3 h6 12. Bc2 O-O 13. Qd3 Rd8 14. Qh7+ Kf7 15.
Ng3 Nf8 16. Qh8 Ng6 17. Qh7 Nf8 18. Qh8 Ng6 19. Qh7 Nf8 20. Qh8 1/2-1/2

[Event "Olomouc Chess Summer 2011 - Ceska pojist"]
[Site "Olomouc (CZE), Hotel Sigma"]
[Date "2011.08.10"]
[Round "8"]
[White "Mackowiak, Marek"]
[Black "Mishuchkov, Nikolai M"]
[Result "0-1"]
[WhiteElo "2236"]
[BlackElo "2415"]
[PlyCount "24"]
[EventDate "2011.08.03"]

1. c4 e5 2. Nc3 Nf6 3. g3 c6 4. Bg2 d5 5. cxd5 cxd5 6. Qb3 Nc6 7. Nxd5 Nd4 8.
Qc4 Nxd5 9. Bxd5 b5 10. Bc6+ Bd7 11. Bxd7+ Qxd7 12. Qd3 Qc6 0-1

[Event "Olomouc Chess Summer 2011 - Ceska pojist"]
[Site "Olomouc (CZE), Hotel Sigma"]
[Date "2011.08.10"]
[Round "8"]
[White "Klima, Lukas"]
[Black "Balacek, Tadeas"]
[Result "0-1"]
[WhiteElo "2349"]
[BlackElo "2251"]
[PlyCount "98"]
[EventDate "2011.08.03"]

1. e4 e6 2. d3 d5 3. Nd2 c5 4. Ngf3 Nc6 5. g3 Nf6 6. Bg2 g6 7. O-O Bg7 8. Re1
O-O 9. Qe2 Re8 10. Nb3 b6 11. e5 Nd7 12. Bf4 h6 13. h4 f6 14. exf6 Qxf6 15. Nh2
Bb7 16. c3 Kh7 17. Ng4 Qf7 18. Qd2 h5 19. Nh2 e5 20. Nf3 Qg8 21. Bg5 Nf6 22.
Bxf6 Bxf6 23. Ng5+ Kg7 24. c4 dxc4 25. dxc4 Qxc4 26. Ne4 Qe6 27. Nexc5 bxc5 28.
Nxc5 Qe7 29. Nxb7 Qxb7 30. Rac1 Rac8 31. Qd5 Qb4 32. Re4 Qa5 33. Qxa5 Nxa5 34.
Rxc8 Rxc8 35. Ra4 Rc1+ 36. Kh2 Bd8 37. b4 Rc4 38. Bf1 Rd4 39. Bb5 a6 40. Be8
Nc4 41. Rxa6 Nd6 42. Ba4 Ne4 43. Bc2 Rxb4 44. Kg2 Be7 45. Ra7 Kf6 46. Ra6+ Kf7
47. Bb3+ Kg7 48. Re6 Bf6 49. Re8 Nc5 0-1

[Event "Olomouc Chess Summer 2011 - Ceska pojist"]
[Site "Olomouc (CZE), Hotel Sigma"]
[Date "2011.08.10"]
[Round "8"]
[White "Groetz, Harald"]
[Black "Volodin, Viktor"]
[Result "1-0"]
[WhiteElo "2256"]
[BlackElo "2200"]
[PlyCount "73"]
[EventDate "2011.08.03"]

1. e4 c5 2. Nf3 Nc6 3. d4 cxd4 4. Nxd4 Nf6 5. Nc3 e5 6. Ndb5 d6 7. Bg5 a6 8.
Na3 b5 9. Nd5 Be7 10. Bxf6 Bxf6 11. c3 Bb7 12. Nc2 Ne7 13. Nxf6+ gxf6 14. Bd3
d5 15. exd5 Qxd5 16. Ne3 Qe6 17. a4 Rd8 18. Qc2 e4 19. Be2 f5 20. g3 Bc6 21.
axb5 axb5 22. Ra6 Qd7 23. O-O f4 24. gxf4 Qh3 25. Rxc6 Rd3 26. Rc5 f5 27. Kh1
Rg8 28. Rg1 Rxg1+ 29. Kxg1 Rd6 30. Nxf5 Nxf5 31. Qxe4+ Ne7 32. Rh5 Qc8 33. Rxh7
Qc7 34. Rh8+ Kf7 35. Bh5+ Kg7 36. Qh7+ Kf6 37. Qf7# 1-0

[Event "Olomouc Chess Summer 2011 - Ceska pojist"]
[Site "Olomouc (CZE), Hotel Sigma"]
[Date "2011.08.10"]
[Round "8"]
[White "Ruzicka, Petr"]
[Black "Michalczak, Thomas"]
[Result "1/2-1/2"]
[WhiteElo "2271"]
[BlackElo "2325"]
[PlyCount "33"]
[EventDate "2011.08.03"]

1. Nf3 Nf6 2. g3 g6 3. Bg2 Bg7 4. O-O O-O 5. d3 d6 6. Nbd2 e5 7. e4 c5 8. a4
Nc6 9. Re1 h6 10. c3 Be6 11. Qc2 Rc8 12. h3 Qd7 13. Kh2 Rfe8 14. a5 d5 15. exd5
Nxd5 16. Nc4 Qc7 17. Qa4 1/2-1/2

[Event "Olomouc Chess Summer 2011 - Ceska pojistovna cup"]
[Site "Olomouc (CZE), Hotel Sigma"]
[Date "2011.08.10"]
[Round "8"]
[White "Vrana, Jan"]
[Black "Aripov, Iskandar"]
[Result "1/2-1/2"]
[WhiteElo "2306"]
[BlackElo "2123"]
[PlyCount "0"]
[EventDate "2011.08.03"]

1. e4 c5 2. c3 g6 3. d4 cxd4 4. cxd4 d5 5. exd5 Nf6 6. Nc3 Bg7 7. Bc4 O-O 8.
Nf3 Nbd7 9. O-O Nb6 10. Bb3 Nbxd5 11. Re1 b6 12. Bg5 Bb7 13. Rc1 Nxc3 14. bxc3
e6 15. Ne5 Qc7 16. Qd3 Nh5 17. Qh3 Rae8 18. Ba4 f6 19. Bxe8 Rxe8 20. g4 fxe5
21. gxh5 Qc6 22. f3 Rf8 23. hxg6 hxg6 24. Rf1 exd4 25. cxd4 Bxd4+ 26. Kg2 Qd5
27. Qg4 Qxa2+ 28. Kh3 Be5 29. Bd2 Kg7 30. Qg5 Qd5 31. Qh6+ Kf7 32. Qh7+ Ke8 33.
Qxg6+ Kd7 34. Qh7+ Ke8 35. Qg6+ Kd7 36. Qh7+ 1/2-1/2

[Event "Olomouc Chess Summer 2011 - Open Olomouc"]
[Site "Olomouc"]
[Date "2011.08.10"]
[Round "8.1"]
[White "Cagasik, Tomas"]
[Black "Bryzgalin, Kirill"]
[Result "1/2-1/2"]
[WhiteElo "2255"]
[BlackElo "2469"]
[PlyCount "0"]
[EventDate "2011.08.04"]

1. c4 e5 2. Nc3 Bb4 3. g3 Nf6 4. Bg2 O-O 5. Qb3 a5 6. a3 Be7 7. d3 Na6 8. Nf3
d6 9. Bg5 h6 10. Bxf6 Bxf6 11. Nd5 Nc5 12. Qc2 a4 13. Nxf6+ Qxf6 14. Nd2 c6 15.
Ne4 Nxe4 16. dxe4 Be6 17. O-O Qe7 18. Qc3 Qc7 19. Rfd1 Rfd8 20. Rd2 b6 21. e3
f6 22. Qb4 Kf7 23. Bf3 Ke7 24. Rad1 Ra5 25. Be2 Bf7 26. Kg2 Bg6 27. Bd3 Bh5 28.
Be2 Be8 29. Rb1 Qb7 30. Qc3 Raa8 31. f3 Qa7 32. Kf2 Bf7 33. Rbd1 Qa5 34. Qb4
Ra7 35. Rc1 Be6 36. h4 Bf7 37. f4 Be8 38. g4 c5 39. Qxa5 Rxa5 40. Rg1 g5 41.
hxg5 hxg5 42. Rh1 Bf7 43. Rh7 Raa8 44. Rd1 Rh8 1/2-1/2

[Event "Olomouc Chess Summer 2011 - Open Olomouc"]
[Site "Olomouc"]
[Date "2011.08.10"]
[Round "8.2"]
[White "Johansson, Jan"]
[Black "Kireev, Aleksei"]
[Result "1-0"]
[WhiteElo "2397"]
[BlackElo "2360"]
[PlyCount "59"]
[EventDate "2011.08.04"]

1. e4 d6 2. d4 e5 3. Nf3 exd4 4. Nxd4 Nf6 5. Nc3 Be7 6. g3 O-O 7. Bg2 Re8 8.
O-O Bd7 9. h3 Nc6 10. Nde2 Bf8 11. Be3 a6 12. g4 h6 13. Ng3 Rb8 14. Qd2 Nh7 15.
f4 Be7 16. Rad1 Nf8 17. Nd5 Nh7 18. e5 Bf8 19. exd6 Bxd6 20. Qc3 Ne7 21. Nh5 f6
22. Ndxf6+ Nxf6 23. Nxf6+ gxf6 24. Qxf6 Rf8 25. Qxh6 Bc6 26. Bd4 Kf7 27. f5 Ke8
28. f6 Bxg2 29. Kxg2 Nc6 30. Qh5+ 1-0

[Event "Olomouc Chess Summer 2011 - Open Olomouc"]
[Site "Olomouc"]
[Date "2011.08.10"]
[Round "8.3"]
[White "De Marchi, Olivier"]
[Black "Szymanski, Marcin"]
[Result "1/2-1/2"]
[WhiteElo "2267"]
[BlackElo "2410"]
[PlyCount "46"]
[EventDate "2011.08.04"]

1. d4 Nf6 2. c4 e6 3. g3 d5 4. Bg2 Nc6 5. Nf3 dxc4 6. Qa4 Bb4+ 7. Bd2 Nd5 8.
Bxb4 Ndxb4 9. O-O Rb8 10. Na3 O-O 11. Qb5 b6 12. Qxc4 a5 13. Nb5 Ba6 14. a3 Qd5
15. Qxd5 Nxd5 16. a4 Bxb5 17. axb5 Na7 18. Ne5 Ra8 19. Nc6 Nxb5 20. Ra4 Rfe8
21. Rc1 Rac8 22. e3 f5 23. Bxd5 exd5 1/2-1/2

[Event "Olomouc Chess Summer 2011 - Open Olomouc"]
[Site "Olomouc"]
[Date "2011.08.10"]
[Round "8.4"]
[White "Ageichenko, Genadi A"]
[Black "Jasny, Stanislav"]
[Result "1/2-1/2"]
[WhiteElo "2356"]
[BlackElo "2366"]
[PlyCount "110"]
[EventDate "2011.08.04"]

1. d4 Nf6 2. c4 d6 3. Nf3 g6 4. g3 Bg7 5. Bg2 O-O 6. O-O Nbd7 7. Nc3 e5 8. e4
c6 9. h3 exd4 10. Nxd4 Re8 11. Re1 Nc5 12. Nb3 Ne6 13. Be3 h6 14. Qd2 Ng5 15.
Bxg5 hxg5 16. Qxg5 Be6 17. c5 Bxb3 18. axb3 Re5 19. Qe3 Rxc5 20. b4 Rc4 21. b5
Rb4 22. bxc6 bxc6 23. Red1 Qe7 24. Qd2 Rd8 25. Ra2 Rd7 26. Kh2 d5 27. exd5 cxd5
28. Qe2 Qxe2 29. Nxe2 Ne4 30. Bxe4 Rxe4 31. Nf4 Rd4 32. Rxd4 Bxd4 33. Kg2 Rb7
34. Nd3 Rb3 35. Ra3 Rb7 36. Ra5 Rb3 37. Ra3 Rxa3 38. bxa3 Kf8 39. Nf4 Bb2 40.
a4 Ke7 41. Nxd5+ Kd6 42. Nf4 Bc3 43. h4 Kc5 44. g4 Bh8 45. Kf3 Kb4 46. Ke4 Kxa4
47. Kd3 Kb3 48. Nd5 a5 49. Nb6 a4 50. Nxa4 Kxa4 51. Ke4 Bf6 52. g5 Be7 53. Kd5
Kb5 54. f4 Kb6 55. f5 Bb4 1/2-1/2

[Event "Olomouc Chess Summer 2011 - Open Olomouc"]
[Site "Olomouc"]
[Date "2011.08.10"]
[Round "8.7"]
[White "Karhanek, Pavel"]
[Black "Rjabzev, Konstantin"]
[Result "0-1"]
[WhiteElo "2119"]
[BlackElo "2271"]
[PlyCount "84"]
[EventDate "2011.08.04"]

1. d4 d6 2. Nf3 g6 3. Bf4 Bg7 4. e3 Nf6 5. h3 O-O 6. Be2 c5 7. Nbd2 cxd4 8.
exd4 Nc6 9. c3 Re8 10. Nc4 b5 11. Ne3 Qb6 12. d5 Na5 13. O-O Bb7 14. b4 Nc4 15.
Nxc4 bxc4 16. Bxc4 Rec8 17. Be3 Qc7 18. Bb3 Qxc3 19. a3 Ba6 20. Bd4 Qd3 21. Re1
Qxd1 22. Raxd1 Kf8 23. a4 Bc4 24. Re3 Bh6 25. Rc3 Bxb3 26. Rxb3 Nxd5 27. a5 a6
28. b5 axb5 29. Bb6 e6 30. Nd4 b4 31. Nb5 Ke7 32. Rxd5 Rc1+ 33. Kh2 exd5 34.
Nc7 Rxc7 35. Bxc7 Kd7 36. Bb6 Bd2 37. Rd3 Bc3 38. Rxd5 b3 39. Rb5 b2 40. g3 Kc6
41. Rb3 Kd5 42. Bc7 Kc4 0-1

[Event "Olomouc Chess Summer 2011 - Open Olomouc"]
[Site "Olomouc"]
[Date "2011.08.10"]
[Round "8.8"]
[White "Gunajew, Rafal"]
[Black "Rey, Fabrice"]
[Result "1/2-1/2"]
[WhiteElo "2258"]
[BlackElo "2116"]
[PlyCount "83"]
[EventDate "2011.08.04"]

1. e4 c6 2. d4 d5 3. Nc3 dxe4 4. Nxe4 Bf5 5. Ng3 Bg6 6. h4 h6 7. h5 Bh7 8. f4
e6 9. Nf3 Nd7 10. Bd3 Bxd3 11. Qxd3 Ngf6 12. Bd2 Qc7 13. O-O-O c5 14. Kb1 O-O-O
15. Qe2 Bd6 16. Ne5 Rhf8 17. dxc5 Nxc5 18. Rde1 Kb8 19. Rhf1 Nd5 20. Rf3 Rc8
21. c4 Nf6 22. Rc1 Ncd7 23. Nd3 Nc5 24. Ne5 Ncd7 25. Re3 Bc5 26. Rd3 Nxe5 27.
fxe5 Nd7 28. Bc3 Be7 29. b3 f5 30. exf6 gxf6 31. Ne4 e5 32. Rcd1 Rcd8 33. Bb2
Rg8 34. Nc3 Nb6 35. Bc1 Rxd3 36. Rxd3 Bb4 37. Nd5 Nxd5 38. Rxd5 Qg7 39. Qd3 Be7
40. Rd7 Qf8 41. Qd5 Qc8 42. Rxe7 1/2-1/2

[Event "Olomouc Chess Summer 2011 - Open Olomouc"]
[Site "Olomouc"]
[Date "2011.08.10"]
[Round "8.10"]
[White "Sikora-Lerch, Jan"]
[Black "Khamidov, Komil"]
[Result "1-0"]
[WhiteElo "2210"]
[BlackElo "2040"]
[PlyCount "67"]
[EventDate "2011.08.04"]

1. c4 Nf6 2. g3 c6 3. Nf3 d5 4. b3 Qb6 5. Bg2 e5 6. O-O e4 7. Ne1 Bg4 8. d4 Na6
9. c5 Qd8 10. Nc3 Qd7 11. Bg5 Be7 12. f3 Bf5 13. e3 Ng4 14. Bxe7 Nxe3 15. Qe2
Nxg2 16. Bd6 Nxe1 17. fxe4 dxe4 18. Raxe1 O-O-O 19. a3 Rde8 20. d5 cxd5 21.
Nxd5 Nxc5 22. Bxc5 Qxd5 23. Bxa7 Re6 24. Rd1 Qa5 25. Qe3 Rc6 26. b4 Qb5 27. Qf4
Rc7 28. Qxf5+ Qxf5 29. Rxf5 g6 30. Rfd5 Rc6 31. b5 Rc3 32. Bb6 Rd3 33. R1xd3
exd3 34. Rxd3 1-0

[Event "Olomouc Chess Summer 2011 - Open Olomouc"]
[Site "Olomouc"]
[Date "2011.08.10"]
[Round "8.11"]
[White "Kowalczyk, Rafal"]
[Black "Vanek, Ladislav"]
[Result "0-1"]
[WhiteElo "2085"]
[BlackElo "2209"]
[PlyCount "188"]
[EventDate "2011.08.04"]

1. d4 Nf6 2. c4 e6 3. Nc3 Bb4 4. e3 O-O 5. Bd3 c5 6. Nf3 Nc6 7. O-O d5 8. a3
Bxc3 9. bxc3 dxc4 10. Bxc4 Qc7 11. Qe2 e5 12. dxe5 Nxe5 13. Nxe5 Qxe5 14. f3
Be6 15. Bxe6 Qxe6 16. e4 Rfd8 17. Bg5 Rd7 18. c4 h6 19. Bh4 b6 20. Ra2 Ne8 21.
Rc2 f6 22. Bg3 Rad8 23. Ra1 Nd6 24. Rd1 Nb7 25. Rd5 Na5 26. Qd1 Rxd5 27. cxd5
Qd7 28. Qd3 c4 29. Qc3 Qa4 30. Be1 Rc8 31. f4 Nb3 32. e5 Nd4 33. Rd2 Nb5 34.
Qh3 Rf8 35. Qe6+ Kh8 36. Qe7 Kg8 37. Qb4 Qxb4 38. axb4 c3 39. Rd3 c2 40. Bd2
Rc8 41. Bc1 Nc3 42. Bd2 Ne2+ 43. Kf1 c1=Q+ 44. Bxc1 Nxc1 45. Ra3 fxe5 46. fxe5
Rf8+ 47. Ke1 Rf5 48. d6 Rxe5+ 49. Kd2 Rd5+ 50. Kxc1 Rxd6 51. Kc2 Rd7 52. Kc3
Rc7+ 53. Kd3 Kf7 54. Ra2 Ke6 55. Kd4 Kd6 56. b5 Rf7 57. g3 g6 58. Rc2 Rc7 59.
Rf2 Ke6 60. Rb2 Rc5 61. h3 Kf6 62. Rb4 Kf5 63. Kd3 Rd5+ 64. Kc3 Ke5 65. Rg4 g5
66. h4 Rxb5 67. hxg5 Kf5 68. Ra4 Kxg5 69. Rxa7 Kg4 70. Ra3 Rf5 71. Kb4 Rg5 72.
Kc4 Kh3 73. Rb3 b5+ 74. Kd4 Rg4+ 75. Ke5 Rxg3 76. Rb1 Rg5+ 77. Kf4 Kg2 78. Rb2+
Kg1 79. Rb1+ Kf2 80. Rh1 Rg6 81. Rh2+ Ke1 82. Ke3 Rg3+ 83. Kf4 Rc3 84. Rxh6 b4
85. Ke4 b3 86. Kd4 Rg3 87. Kc4 Kd2 88. Rh2+ Kc1 89. Rh1+ Kb2 90. Rh7 Kb1 91.
Kb4 Kb2 92. Kc4 Kc2 93. Kd4 Rg4+ 94. Ke3 b2 0-1